Central Library OPAC University of Rajshahi

Moslems on the March : (Record no. 32607)

MARC details
000 -LEADER
fixed length control field 00859nam a2200253 a 4500
001 - CONTROL NUMBER
control field 32607
003 - CONTROL NUMBER IDENTIFIER
rucl marc code BD-RjUL
005 - DATE AND TIME OF LATEST TRANSACTION
control field 20211209051849.0
008 - FIXED-LENGTH DATA ELEMENTS--GENERAL INFORMATION
fixed length control field 150831t1955 nyuab b 001 0 eng d
035 ## - SYSTEM CONTROL NUMBER
System control number (BD-RjUL) 32696
040 ## - CATALOGING SOURCE
Original cataloging agency DLC
Language of cataloging eng
Transcribing agency DLC
Modifying agency BD-RjUL
041 1# - LANGUAGE CODE
Language code of text/sound track or separate title eng
Language code of original ger
082 04 - DEWEY DECIMAL CLASSIFICATION NUMBER
Classification number 953.0297272
Author mark and year FEM 1955
100 1# - MAIN ENTRY--PERSONAL NAME
Personal name Fernau, F. W.
9 (RLIN) 99218
245 10 - TITLE STATEMENT
Title Moslems on the March :
Remainder of title People and politics in the world of Islam /
Statement of responsibility, etc. by F.W. Fernau ; translated from the German by E.W. Dickes
260 ## - PUBLICATION, DISTRIBUTION, ETC. (IMPRINT)
Place of publication, distribution, etc. London :
Name of publisher, distributor, etc. Robert Hale Limited,
Date of publication, distribution, etc. 1955.
300 ## - PHYSICAL DESCRIPTION
Pagination xi, 312, [vi] p. :
Illustrations ill. ;
Size 22 cm.
504 ## - BIBLIOGRAPHY, ETC. NOTE
Bibliography, etc Includes index.
650 17 - SUBJECT ADDED ENTRY--TOPICAL TERM
Topical term or geographic name as entry element Islam and politics.
9 (RLIN) 99219
651 #0 - SUBJECT ADDED ENTRY--GEOGRAPHIC NAME
Geographic name Middle East
General subdivision Politics and government.
9 (RLIN) 99220
700 1# - ADDED ENTRY--PERSONAL NAME
Personal name Dickes, E. W.
Fuller form of name (Ernest Walter),
Dates associated with a name 1876-
942 ## - ADDED ENTRY ELEMENTS (KOHA)
Source of classification or shelving scheme Dewey Decimal Classification
Koha item type Books
Holdings
Lost status Source of classification or shelving scheme Damaged status Not for loan Collection code Permanent Location Current Location Shelving location Date acquired Source of acquisition Cost, normal purchase price Total Checkouts Full call number Date last seen Date checked out Copy number Koha item type
  Dewey Decimal Classification     Non-fiction Central Library, University of Rajshahi Central Library, University of Rajshahi   01/11/1962 zeithinger 50.00 3 953.0297272 FEM 1954 14/06/2016 27/02/2016 C-3 Books
  Dewey Decimal Classification     Non-fiction Central Library, University of Rajshahi Central Library, University of Rajshahi   02/02/1956 ABC 13.00   953.0297272 FEM 1955 27/04/2014   C-1 Books
  Dewey Decimal Classification     Non-fiction Central Library, University of Rajshahi Central Library, University of Rajshahi   01/11/1962 Zeitlinger 50.00   953.0297272 FEM 1954 29/04/2014   C-2 Books